00880nam a22001817a 4500003000900000008004100009040007100050082001900121100005300140245009300193260003400286300003800320505024800358650002100606650002200627650001900649650003000668AR-CdUCM190304b ||||| |||| 00| 0 spa d aMUNICIPALIDAD PROVINCIAL DEL CUSCOcBIBLIOTECA MUNICIPAL DEL CUSCO a343.332 /bR34 aComisión Ejecutiva del Poder Judicial (Perú) aReforma del poder judicial :bla reforma en cifras. Informe al 30 de setiembre de 1999 / aLima : bDesign Magic,c2000. a274 paginas ;bDiagramas,c25 cm. a Contenido: La OCMA y el proceso de reforma y modernización del poder judicial -- Estructura orgánica de la OCMA -- Oficina de inspectoria general -- Módulos básicas de justicia -- Despachos judiciales itinerantes -- Justicia de Paz... aEstado y Derecho aLeyes orgánicas aPoder judicial aReformas constitucionales